00631 2200229 4500001002100000005001700021008004100038020002200079035002400101040001200125082001100137090002200148100002300170245004300193250001500236260003300251300003100284504003100315650002200346850001200368990002100380YOGYA-0611000000056420110615135509.0 ind  a978-979-756-711-8 0010-061100000000564 aYOPDYOG a302.35 aDEP 302.35bRia B aRIANI, Asri Laksmi aBudidaya organisasicAsri Laksmi Riani aEd.1 Cet.1 aYogyakartabGraha ilmuc2011 aVIII, 124 hlmbilusc23 cm aBibliografi : hlm. 111-115 aBudaya organisasi aYOPDYOG aCB-D.11-2011-017